Normal view
MARC view
Entry Personal Name
001 - CONTROL NUMBER
- control field: 38222
003 - CONTROL NUMBER IDENTIFIER
- control field: OSt
005 - DATE AND TIME OF LATEST TRANSACTION
- control field: 20211105154420.0
008 - FIXED-LENGTH DATA ELEMENTS
- fixed length control field: 211105|| aca||aabn | a|a d
040 ## - CATALOGING SOURCE
- Original cataloging agency: OSt
- Transcribing agency: OSt
100 ## - HEADING--PERSONAL NAME
- Personal name: Santos, D
670 ## - SOURCE DATA FOUND
- Source citation: Work cat.: (OSt): Mayet, F., ed. 38221, CYGNUS 2011: Third International Conference on Directional Detection of Dark Matter, 2012